Making money in the stock market : your indispensable guide to investment in stocks and shares

Bibliographic Details
Main Author: Othman Yong
Format: Book
Published: Petaling Jaya : Pelanduk Paperback , 1991
Series:Pelanduk paperback
Subjects:

MARC

LEADER 00000cam a2200000 7i4500
001 0000006223
002 000006716
005 20000330.0
020 |a 9679783685 
090 0 0 |a 332.632   |b OTH 
100 0 |a Othman Yong 
245 1 0 |a Making money in the stock market :   |b your indispensable guide to investment in stocks and shares   |c Othman Yong 
260 |a Petaling Jaya :   |b Pelanduk Paperback ,   |c 1991 
300 |a 154p. ;   |c 21cm. 
490 0 |a Pelanduk paperback 
650 0 0 |a Investments 
650 0 0 |a Stocks 
999 |a 024126   |b BUKU   |c PINJAMAN   |e PERPUSTAKAAN KOMUNITI PETALING JAYA 
999 |a 027665   |b BUKU   |c PINJAMAN   |e PERPUSTAKAAN KOMUNITI PETALING JAYA 
999 |a 038944   |b BUKU   |c PINJAMAN   |e PERPUSTAKAAN KOMUNITI PETALING JAYA 
999 |a 038945   |b BUKU   |c PINJAMAN   |e PERPUSTAKAAN KOMUNITI PETALING JAYA